=LDR 00000nam 2200000 4500 =001 000449 =005 20250710073151 =035 ##$$a 0010-0725000311 =007 ta =008 250710################a##########0#ind## =020 ##$$a 978-623-472-307-6 =082 ##$$a 398.209 598 =084 ##$$a 398.209 598 GUP b =100 #$$a Gupta Timira =245 1#$$a Bibi dan Aku /$c Timira Gupta =250 ##$$a Cetakan Pertama 2024 =260 ##$$a Jakarta :$b Badan Pengembangan dan Pembinaan Bahasa,$c 2022 =300 ##$$a 20 hlm : $b Ilus. ; $c 22,9 cm =650 #4$$a Cerita Anak Indonesia - Terjemahan =650 #4$$a Literasi- Bahan Bacaan =990 ##$$a TBM01810181